|
|
|
|
| LEADER |
00000cam a22000004a 4500 |
| 001 |
musev2_35793 |
| 003 |
MdBmJHUP |
| 005 |
20230905043750.0 |
| 006 |
m o d |
| 007 |
cr||||||||nn|n |
| 008 |
140306s2014 mau o 00 0 eng d |
| 020 |
|
|
|a 9781613763018
|
| 020 |
|
|
|z 9781625340757
|
| 020 |
|
|
|z 1625340753
|
| 020 |
|
|
|z 1613763018
|
| 035 |
|
|
|a (OCoLC)896890182
|
| 040 |
|
|
|a MdBmJHUP
|c MdBmJHUP
|
| 100 |
1 |
|
|a Vrabel, Jim.
|
| 245 |
1 |
2 |
|a A People's History of the New Boston /
|c Jim Vrabel.
|
| 264 |
|
1 |
|a Amherst :
|b University of Massachusetts Press,
|c [2014]
|
| 264 |
|
3 |
|a Baltimore, Md. :
|b Project MUSE,
|c 2014
|
| 264 |
|
4 |
|c ©[2014]
|
| 300 |
|
|
|a 1 online resource (288 pages).
|
| 336 |
|
|
|a text
|b txt
|2 rdacontent
|
| 337 |
|
|
|a computer
|b c
|2 rdamedia
|
| 338 |
|
|
|a online resource
|b cr
|2 rdacarrier
|
| 505 |
0 |
|
|a The old Boston and the new Boston -- To hell with urban renewal -- Community organizers and advocacy planners -- A rekindled civil rights movement -- From school reform to desegregation -- The conflict over the Vietnam conflict -- The media and the protest movements -- Mothers for adequate welfare -- The illusion of inclusion and assault by acronyms -- A new threat from newcomers; gentrification -- Do-it-yourself community development corporations -- Public housing on trial -- The tenants' movement and rent control -- People before highways -- The mothers of Maverick Street -- Shadow boxing in the public garden -- Boston jobs for Boston residents -- The battle over busing -- Fighting for a fair share -- A downturn in activism -- Back to the neighborhoods -- Boston today.
|
| 588 |
|
|
|a Description based on print version record.
|
| 651 |
|
7 |
|a Massachusetts
|z Boston.
|2 fast
|0 (OCoLC)fst01205012
|
| 651 |
|
0 |
|a Boston (Mass.)
|x History
|y 20th century.
|
| 651 |
|
0 |
|a Boston (Mass.)
|x Social conditions
|y 20th century.
|
| 650 |
|
7 |
|a Urban renewal.
|2 fast
|0 (OCoLC)fst01162536
|
| 650 |
|
7 |
|a Social conditions.
|2 fast
|0 (OCoLC)fst01919811
|
| 650 |
|
7 |
|a Social change.
|2 fast
|0 (OCoLC)fst01122310
|
| 650 |
|
7 |
|a Community life.
|2 fast
|0 (OCoLC)fst00871028
|
| 650 |
|
7 |
|a HISTORY
|z United States
|x State & Local
|x New England (CT, MA, ME, NH, RI, VT)
|2 bisacsh
|
| 650 |
|
6 |
|a Communaute
|z Massachusetts
|z Boston
|x Histoire
|y 20e siecle.
|
| 650 |
|
6 |
|a Renovation urbaine
|z Massachusetts
|z Boston
|x Histoire
|y 20e siecle.
|
| 650 |
|
0 |
|a Social change
|z Massachusetts
|z Boston
|x History
|y 20th century.
|
| 650 |
|
0 |
|a Community life
|z Massachusetts
|z Boston
|x History
|y 20th century.
|
| 650 |
|
0 |
|a Urban renewal
|z Massachusetts
|z Boston
|x History
|y 20th century.
|
| 655 |
|
7 |
|a History.
|2 fast
|0 (OCoLC)fst01411628
|
| 655 |
|
7 |
|a Electronic books.
|2 local
|
| 710 |
2 |
|
|a Project Muse.
|e distributor
|
| 830 |
|
0 |
|a Book collections on Project MUSE.
|
| 856 |
4 |
0 |
|z Texto completo
|u https://projectmuse.uam.elogim.com/book/35793/
|
| 945 |
|
|
|a Project MUSE - Custom Collection
|
| 945 |
|
|
|a Project MUSE - 2014 US Regional Studies, New England and Mid Atlantic
|
| 945 |
|
|
|a Project MUSE - 2014 Complete
|